| 000 | 00835cad a22001935a 4500 | ||
|---|---|---|---|
| 001 | L156741 | ||
| 008 | 120706s2012 xxk 000 0 eng d | ||
| 035 | _a(Sirsi) u156741 | ||
| 041 | 0 | _aeng | |
| 110 | 2 |
_aInternational Valuation Standards Council _95828 |
|
| 245 | 0 | 0 |
_aInternational valuation glossary _h[electronic resource] |
| 260 |
_aLondon _bIVSC _c2012 |
||
| 520 | _aProduced to help consistency in the usage of words and terms that are common in valuation assignments of different types, the definitions are those recommended by the International Valuation Standards Council (IVSC) and in many cases are extracted from IVSC's publications. | ||
| 590 | _aNTK KA | ||
| 651 | 4 | _aInternational | |
| 690 |
_aValuation _96273 |
||
| 856 | 4 | 0 |
_uhttps://www.ivsc.org/~ivscorg/glossary _zView the glossary at www.ivsc.org |
| 942 | _n0 | ||
| 999 |
_c84135 _d84135 |
||